000 00989nam a22003137a 4500
001 BR2022000742
003 BR-BrBNA
005 20230928105654.0
007 ta
008 230509b bl.||||| |||| 00| 0 por d
040 _aBR-BrBNA
_bpor
_cBiblioteca Nacional de Agricultura
041 _a(Por)
072 _aE14; E50; P01
090 _ E14 BR2022000742
110 1 _aSecretaria Municipal de Agricultura, Presidente Olegário, MG (Brasil)
_99160
245 1 _aPlano Municipal de Desenvolvimento Rural Sustentável
260 3 _aPresidente Olegário, MG (Brasil):
_c2017.
300 _a48 p.
500 _aNumerical data; 2 illus.; 39 tables
650 _aDESENVOLVIMENTO RURAL
650 _aDESENVOLVIMENTO SUSTENTÁVEL
650 _aDESEVOLVIMENTO SÓCIO-ECONÔMCIO
650 _aASSOCIATIVISMO
650 _aPRESERVAÇÃO DA NATUREZA
650 _aPLANEJAMENTO RURAL
650 _aPLANEJAMENTO PARTICIPATIVO
909 _a202309
_bLucia
_c55
_dLucia Elande
942 _cBK
999 _c86137
_d86137